Normal view
MARC view
- ADNAN,UMER,ALI
Entry Personal Name
001 - CONTROL NUMBER
- control field: 71700
003 - CONTROL NUMBER IDENTIFIER
- control field: NUST
005 - DATE AND TIME OF LATEST TRANSACTION
- control field: 20210628204653.0
008 - FIXED-LENGTH DATA ELEMENTS
- fixed length control field: 210628|| aca||aabn | a|a d
040 ## - CATALOGING SOURCE
- Original cataloging agency: NUST
- Transcribing agency: NUST
100 ## - HEADING--PERSONAL NAME
- Personal name: ADNAN,UMER,ALI
670 ## - SOURCE DATA FOUND
- Source citation: Work cat.: (NUST): ADNAN,UMER,ALI, PR-SOF-1367-DEVELOPMENT OF A COMPUTATIONAL TOOL FOR THE ANALYSIS OF COMPOSITE BEAMS, 2001
